|
|
|
|
| LEADER |
00000nam0a2200000 4500 |
| 001 |
178057 |
| 005 |
20231101223359.0 |
| 020 |
|
|
|a RU
|b 85-556и
|
| 035 |
|
|
|a (RuTPU)RU\TPU\book\193040
|
| 090 |
|
|
|a 178057
|
| 100 |
|
|
|a 20100402d1985 m a0rusy5003 ca
|
| 101 |
0 |
|
|a rus
|
| 102 |
|
|
|a RU
|
| 105 |
|
|
|a a z 000zy
|
| 200 |
1 |
|
|a Великая Отечественная
|e фотоальбом
|f под ред. М. В. Альперта, В. И. Чуйкова
|
| 205 |
|
|
|a 3-е изд., доп.
|
| 210 |
|
|
|a Москва
|c Планета
|d 1985
|
| 215 |
|
|
|a 391 с.
|c ил., цв. ил.
|d 28 см
|
| 317 |
|
|
|5 63413507: КР-5805
|a Поступила в НТБ в 2018 г. в составе книжного собрания профессора ТПУ А. Г. Бакирова
|
| 606 |
1 |
|
|a Великая Отечественная война 1941-1945
|2 stltpush
|3 (RuTPU)RU\TPU\subj\66603
|9 82654
|
| 610 |
1 |
|
|a фотографии
|
| 610 |
1 |
|
|a фотоальбомы
|
| 610 |
1 |
|
|a советский народ
|
| 610 |
1 |
|
|a подвиги
|
| 610 |
1 |
|
|a коллекция А. Г. Бакирова
|
| 686 |
|
|
|a Т3(2)622
|2 rubbk
|
| 702 |
|
1 |
|a Альперт
|b М. В.
|g Макс Владимирович
|4 340
|
| 702 |
|
1 |
|a Чуйков
|b В. И.
|g Василий Иванович
|4 340
|
| 801 |
|
0 |
|a RU
|b RuMRKP
|c 19950704
|g psbo
|
| 801 |
|
1 |
|a RU
|b 63413507
|c 20100402
|
| 801 |
|
2 |
|a RU
|b 63413507
|c 20181210
|g RCR
|
| 942 |
|
|
|c BK
|